NBA Top Scorers by Team - Statistics

General Stats
  • This quiz has been taken 67 times
  • The average score is 21 of 30
Answer Stats
Team Answer % Correct
Cleveland Cavaliers Lebron James
100%
Chicago Bulls Michael Jordan
98%
Los Angeles Lakers Kobe Bryant
93%
Dallas Mavericks Dirk Nowitzki
92%
San Antonio Spurs Tim Duncan
90%
Miami Heat Dwyane Wade
89%
Milwaukee Bucks Kareem Abdul-Jabbar
89%
Minnesota Timberwolves Kevin Garnett
85%
Oklahoma City Thunder Russell Westbrook
85%
Houston Rockets Hakeem Olajuwon
84%
Utah Jazz Karl Malone
84%
Golden State Warriors Wilt Chamberlain
84%
New York Knicks Patrick Ewing
80%
Atlanta Hawks Dominique Wilkins
74%
Indiana Pacers Reggie Miller
74%
Detroit Pistons Isiah Thomas
72%
New Orleans Pelicans Anthony Davis
69%
Phoenix Suns Walter Davis
69%
Portland Trail Blazers Clyde Drexler
66%
Toronto Raptors Demar DeRozan
61%
Charlotte Hornets Kemba Walker
61%
Boston Celtics John Havlicek
59%
Denver Nuggets Alex English
57%
Orlando Magic Dwight Howard
57%
Sacramento Kings Oscar Robertson
54%
Brooklyn Nets Brook Lopez
49%
Memphis Grizzlies Mike Conley
49%
Washington Wizards Elvin Hayes
43%
Philadelphia 76ers Hal Greer
25%
Los Angeles Clippers Randy Smith
23%
No matching quizzes found
Score Distribution
Percent of People with Each Score
Percentile by Number Answered
Your Score History
You have not taken this quiz